| 000 | 01087nam a22002897a 4500 | ||
|---|---|---|---|
| 003 | OSt | ||
| 005 | 20250924121632.0 | ||
| 008 | 250923t |||a|||| |||| 00| 0 spa d | ||
| 020 | _a8479533382 | ||
| 037 | _bDonación | ||
| 040 |
_aCO-JMCR _cCO-JMCR _bspa _dCO-JMCR _erda |
||
| 041 | 1 |
_aspa _heng |
|
| 082 | 0 | 4 |
_a158.1 _bJ66q _223 |
| 100 | 1 |
_aJohnson, Spencer, _d1938-2017. _944325 |
|
| 245 | 1 | 0 |
_aQuién se ha llevado mi queso? : _buna manera sorprendente de afrontar el cambio en el trabajo y en la vida privada / _cSpencer Johnson ; traducción Montserrat Gurguí. |
| 250 | _a7° edición. | ||
| 264 |
_aBarcelona : _bEdiciones Urano, _bEdiciones Spencer Johnson, _c1999. |
||
| 300 |
_a93 páginas : _bilustraciones ; _c21 cm. |
||
| 534 |
_pTítulo original. _tWho moved my cheese?. |
||
| 650 | 2 | 4 |
_aÉxito. _2JMCR _911396 |
| 650 | 2 | 4 |
_aEstilo de vida. _2JMCR _944313 |
| 650 | 2 | 4 |
_aConducta (Psicología) _2JMCR _92472 |
| 650 | 2 | 4 |
_aFelicidad. _2JMCR _9413 |
| 650 | 2 | 4 |
_aPsicología aplicada. _2JMCR _91188 |
| 700 | 1 |
_aGurguí, Montserrat, _etraductor. _944326 |
|
| 942 |
_2ddc _cBK |
||
| 999 |
_c31080 _d17464 |
||